000 006110000a22001210004500
100 1 _aSilva Romero, Ricardo
245 1 0 _aTraicionar el Dogma : Todo es por amor y Tacha azul en cartelera
300 _aVol.0, núm.10 (Julio, 2006), Página 21
500 _aCrítico de cine de Semana.
520 _aA estas alturas, y más de diez años después de la publicación de sus estrictas reglas del juego, por fin esposible determinar cuál es la importancia del llamado Dogma 95 en la accidentada historia del cine. ¿Cumplieron sus mandamientos?
773 0 _tArcadia / Andrés Felipe Solano, Editor
942 _cANA
999 _c61800
_d61800